00659nam a22001934a 450000500170000002000270001703700250004408200130006924500740008225000130015626000460016927000130021530000310022850000200025970000250027994200270030499900170033195201170034820100909161010.0 a9780192632715c1295.00 bAbilash Book Centre 00a617.102710aSports injuries:cedited by M.A. Hutsonbrecognition and management / a3rd ed.  bOxford University Press,c2001aNew York  bNew York a251p. bphotos c26cm(Hb)  aIncludes index  aHutson, M.A. 919258 2ddccENh617.1027mSPO c44927d44927 0010407-18NFICaAGbAGd2010-09-09g1295.00l0o617.1027 SPOr2010-09-09 00:00:00t1v1295.00w2010-09-09yEN